✗ Never Hosted SNL ✗ Quiz Stats

 Plays Quiz not verified by Sporcle

Challenge
Share
Tweet
Embed
Score 0/20 Timer 04:00
0 Plays Today
% Correct
Kim Kardashian
79.3%
Suri Cruise
77.7%
Stephen Colbert
66.5%
Howard Stern
65.9%
Patton Oswalt
64.5%
Regis Philbin
61.8%
Lea Michelle
61.1%
Ross Perot
61%
Brad Pitt
60%
Kathy Griffin
59.9%
% Correct
Tom Hardy
58.8%
Al Pacino
58.7%
Jason Statham
57.4%
Alex Rodriguez
57%
Hank Azaria
56.4%
Dan Marino
55.7%
Will Smith
53.9%
Mila Kunis
50.8%
Daniel Craig
42.7%
Louis C.K.
39.9%

You're not logged in!

Compare scores with friends on all Sporcle quizzes.
Join for Free
OR
Log In

You Might Also Like...

Show Comments

Extras

Top Quizzes Today


Score Distribution

Your Account Isn't Verified!

In order to create a playlist on Sporcle, you need to verify the email address you used during registration. Go to your Sporcle Settings to finish the process.

Report this User

Report this user for behavior that violates our Community Guidelines.

Details: